| 000 | 00880cam a2200265 i 4500 | ||
|---|---|---|---|
| 001 | 1828623 | ||
| 003 | NUST - PNEC | ||
| 005 | 20170116181126.0 | ||
| 008 | 810319s1980 mdua b 001 0 eng | ||
| 010 | _a 80081089 | ||
| 020 |
_a0870213199 : _c$13.95 |
||
| 040 | _cLIBRARY | ||
| 050 | 0 | 0 |
_aVM600 _b.G74 |
| 082 | 0 | 0 |
_a623.87 GRI _219 |
| 100 | 1 |
_aGritzen, Edward F., _d1947- |
|
| 245 | 1 | 0 |
_aIntroduction to naval engineering / _cedited by Edward F. Gritzen with assistance from Russell A. McCurdy, James L. Wall, Ellis W. Merschoff. |
| 260 |
_aAnnapolis, Md. : _bNaval Institute Press, _cc1980. |
||
| 300 |
_a428 p. : _bill. ; _c26 cm. |
||
| 440 | 0 | _aFundamentals of naval science series | |
| 500 | _aIncludes index. | ||
| 504 | _aBibliography: p. 420. | ||
| 650 | 0 |
_aMarine engineering. _xME |
|
| 906 |
_a7 _bcbc _corignew _d1 _eopcn _f19 _gy-gencatlg |
||
| 942 |
_2ddc _cBK |
||
| 999 |
_c69772 _d69772 |
||